000 00798nam a2200217 i 4500
001 99668
003 ES-MaACL
005 20250730165127.0
007 t|
008 050914q1968 sp ||||1| spa d
100 1 _aMartínez-Barbeito, Carlos,
_d1913-1997
_977884
245 1 0 _aUna visita a Menéndez Pidal /
_cpor Carlos Martínez-Barbeito.
260 _aLa Coruña :
_bMoret,
_c[1968?]
300 _a3 h., 3 lám. ;
_c23 cm.
500 _aSeparata de la Revista del Instituto José Cornide de Estudios Coruñeses.-Año IV.- Nº 4.- 1968.- p.149-153.
600 1 4 _aMenéndez Pidal, Ramón,
_d1869-1968
_980315
710 2 _aInstituto "José Cornide" de Estudios Coruñeses
_95109
852 _aES-MaACL
_j2082-F-9
_bR.84944
852 _aES-MaACL
_j2082-F-10
_bR.83962
999 _c99668
_d99668